ბათუმის შოთა რუსთაველის სახელმწიფო უნივერსიტეტის ბიბლიოთეკა

სიბრძე სიცრუისა (ბიბ.ჩანაწერი № 43159)

000 -LEADER
fixed length control field 00954nam a2200241Ia 4500
001 - CONTROL NUMBER
control field 9880
003 - CONTROL NUMBER IDENTIFIER
control field GE_BSU
008 - FIXED-LENGTH DATA ELEMENTS--GENERAL INFORMATION
fixed length control field 181216s||||||||xx |||||||||||||| ||und||
040 ## - CATALOGING SOURCE
Transcribing agency GE_BSU
080 ## - UNIVERSAL DECIMAL CLASSIFICATION NUMBER
Universal Decimal Classification number 821.353.1-391
100 ## - MAIN ENTRY--PERSONAL NAME
Personal name ორბელიანი,სულხან-საბა
245 ## - TITLE STATEMENT
Title სიბრძე სიცრუისა
245 ## - TITLE STATEMENT
Remainder of title რჩეული:იგავ-არაკები
245 ## - TITLE STATEMENT
Statement of responsibility, etc. შმდგ:ზ.ჭუმბურიძე;ლ.მენაბდის წინასიტყვაობით და რედაქციით.
260 ## - PUBLICATION, DISTRIBUTION, ETC.
Place of publication, distribution, etc. თბილისი.
260 ## - PUBLICATION, DISTRIBUTION, ETC.
Name of publisher, distributor, etc. თბილისის უნ-ტის გამ-ბა.
260 ## - PUBLICATION, DISTRIBUTION, ETC.
Date of publication, distribution, etc. 1986.
300 ## - PHYSICAL DESCRIPTION
Extent 206გვ;20სმ.
300 ## - PHYSICAL DESCRIPTION
Other physical details ლექსიკონი:გვ.181-205.
653 ## - INDEX TERM--UNCONTROLLED
Uncontrolled term რჩეული:იგავ-არაკები
653 ## - INDEX TERM--UNCONTROLLED
Uncontrolled term სიბრძე სიცრუისა
942 ## - ADDED ENTRY ELEMENTS (KOHA)
Koha item type წიგნი
ეგზემპლარები
Withdrawn status Lost status Damaged status Not for loan Date acquired Barcode Date last seen Price effective from Koha item type
        2018-12-17 33174 2018-12-17 2018-12-17 წიგნი
        2018-12-17 33175 2018-12-17 2018-12-17 წიგნი